| 000 | 00774nam a2200229 4500 | ||
|---|---|---|---|
| 001 | 12740 | ||
| 003 | ES-MaACL | ||
| 005 | 20230906150402.0 | ||
| 007 | t| | ||
| 008 | 000000s19840000sp ||||0|bspa d | ||
| 016 | 7 | _zIBH8605110494 | |
| 040 |
_aIBH _bspa _cM-BN-DP |
||
| 080 | _a92 Power, Teobaldo | ||
| 100 | 1 |
_aRosell García, María. _999686 |
|
| 245 | 1 | 0 |
_aTeobaldo Power y su época / _cMaría Rosell García. |
| 260 |
_a[Santa Cruz de Tenerife] : _bConsejería de Cultura y Deportes, _cD. L. 1984. |
||
| 300 |
_a15 p. ; _c21 cm. |
||
| 500 | _aEn la cub.: Teobaldo Power, 1848-1884: I Centenario de su muerte. | ||
| 600 | 1 | 4 |
_aPower, Teobaldo. _993509 |
| 710 | 1 |
_aCanarias. _bConsejería de Cultura y Deportes. _9169400 |
|
| 852 |
_aES-MaACL _jL-20116 _bR.116067 |
||
| 999 |
_c12740 _d12740 |
||